| 000 | 00560nab a2200157Ia 4500 | ||
|---|---|---|---|
| 003 | ES-SlBCS | ||
| 005 | 20210601133732.0 | ||
| 008 | 140529s1996 xxu||||| |||| 00| 0 por d | ||
| 041 | _apor | ||
| 100 | 1 |
_aPrette, Amir del _9208936 |
|
| 245 | 0 | 0 |
_aPsicologia, Identidade Social e Cidadania: o Espaço da Educaçao e dos Movimentos Sociais _c Amir Del Prette, Zilda A. P. Del Prette |
| 650 | 0 | 4 |
_aCiudadanía _9116444 |
| 700 | 1 |
_aPrette, Zilda A. P. del _9208937 |
|
| 773 | 0 |
_tEducaçao e Filosofia _gvol. 10, nº. 20, 1996, págs. 203-223 _wRev1534 |
|
| 942 | _cAR | ||
| 999 |
_c601301 _d601301 |
||